Polskie miasta po Niemiecku - Statystyki

Ogólne statystyki
  • Ten quiz został rozwiązany 198 razy
  • Średni wynik to 15 z 20
Statystyki odpowiedzi
Hint Odpowiedź % Poprawnych
Krakau Kraków
99%
Warschau Warszawa
99%
Katowitz Katowice
97%
Elbing Elbląg
96%
Posen Poznań
95%
Danzig Gdańsk
94%
Stettin Szczecin
94%
Breslau Wrocław
91%
Gdingen Gdynia
89%
Auschwitz Oświęcim
83%
Thorn Toruń
81%
Liedsmanstadt Łódź
73%
Grünberg Zielona Góra
68%
Bromberg Bydgoszcz
66%
Tschenstohau Częstochowa
66%
Allenstein Olsztyn
64%
Resche Rzeszów
63%
Landsberg an dem Warthe Gorzów Wielkopolski
54%
Premissel Przemyśl
49%
Lötzen Giżycko
6%
Nie znaleziono quizów pasujących do podanych kryteriów
Rozkład punktacji
Procent ludzi z każdym wynikiem
Percentyl według liczby udzielonych odpowiedzi
Twoja historia wyników
Nie rozwiązałeś tego quizu